| 000 | 00376nab a22001097u 4500 | ||
|---|---|---|---|
| 008 | 130520b1987 xxu||||| |||| 00| 0 spa d | ||
| 041 | _aspa | ||
| 100 | 1 |
_aMaduro, Otto _95153 |
|
| 245 | 0 | 0 |
_aDemocracia cristiana y opción liberadora por los oprimidos en el catolicismo latinoamericano _cOtto Maduro |
| 773 | 0 |
_tConcilium _gV.2,1987,págs.277-292 _x0210-1041 _wRev134 |
|
| 942 | _cAR | ||
| 999 |
_c355327 _d355327 |
||